Katolickie państwa w Europie - Statystyki

Ogólne statystyki
  • Ten quiz został rozwiązany 5 844 razy
  • Średni wynik to 14 z 18
Statystyki odpowiedzi
# % Państwo % Poprawnych
31,0 mln Polska
100%
45,3 mln 77,2 Włochy
95%
30,3 mln Hiszpania
94%
35,6 mln Francja
93%
20,0 mln Niemcy
93%
100 Watykan
92%
8,20 mln 80,2 Portugalia
85%
93,8 San Marino
79%
4,67 mln Austria
70%
88,2 Andora
68%
6,16 mln Wielka Brytania
66%
5,92 mln Belgia
65%
82,3 Monako
65%
77,2 Litwa
64%
4,71 mln Węgry
64%
79,0 Chorwacja
63%
78,8 Liechtenstein
62%
82,6 Malta
54%
Nie znaleziono quizów pasujących do podanych kryteriów
Rozkład punktacji
Procent ludzi z każdym wynikiem
Percentyl według liczby udzielonych odpowiedzi
Twoja historia wyników
Nie rozwiązałeś tego quizu